Irwin Law: (Registro nro. 165425)
[ vista simple ]
| 000 -LEADER | |
|---|---|
| fixed length control field | 01343nam a22002897a 4500 |
| 007 - PHYSICAL DESCRIPTION FIXED FIELD--GENERAL INFORMATION | |
| fixed length control field | cr|||| |||| |
| 008 - FIXED-LENGTH DATA ELEMENTS--GENERAL INFORMATION | |
| fixed length control field | 171031s2007 xxc|||||s|||| 00||0 eng d |
| 020 ## - INTERNATIONAL STANDARD BOOK NUMBER | |
| International Standard Book Number | 978-1-55221-136-6 |
| 035 ## - | |
| -- | 20643 |
| 040 ## - CATALOGING SOURCE | |
| Original cataloging agency | vLex |
| 090 ## - | |
| -- | 7185 |
| -- | 7185 |
| 100 1# - MAIN ENTRY--PERSONAL NAME | |
| Personal name | Ogilvie, M.H. |
| 245 10 - TITLE STATEMENT | |
| Title | Irwin Law: |
| Medium | [Recurso electrónico] : |
| Remainder of title | Bank and Customer Law in Canada (First Edition) / |
| Statement of responsibility, etc | M.H. Ogilvie - LSM, B.A., LL.B., M.A., D.Phil., D.D., F.R.S.C. Of the Bars of Ontario and Nova Scotia Chancellors Professor and Professor of Law, Carleton University |
| 250 ## - | |
| -- | First Edition |
| 256 ## - | |
| -- | Servicio en línea |
| 260 ## - PUBLICATION, DISTRIBUTION, ETC. (IMPRINT) | |
| Place of publication, distribution, etc | Toronto: |
| Name of publisher, distributor, etc | Irwin Law Inc., |
| Date of publication, distribution, etc | 2007 |
| 300 ## - PHYSICAL DESCRIPTION | |
| Extent | 1 recurso electrónico |
| 506 1# - RESTRICTIONS ON ACCESS NOTE | |
| Terms governing access | Disponible solo en los productos indicados |
| Authorized users | vLex Global |
| -- | vLex Global (Academic Edition, excluding Law Schools) |
| -- | vLex Global (U.S. Academic Edition, Law Schools) |
| -- | vLex Global (U.S. Academic Edition, excluding Law Schools) |
| -- | vLex Global (Academic Edition, Law Schools) |
| 650 04 - SUBJECT ADDED ENTRY--TOPICAL TERM | |
| Topical term or geographic name as entry element | Derecho Cambiario y Bursátil |
| Geographic subdivision | Canadá |
| 650 04 - SUBJECT ADDED ENTRY--TOPICAL TERM | |
| Topical term or geographic name as entry element | Código de Comercio y Registro Mercantil |
| Geographic subdivision | Canadá |
| 650 04 - SUBJECT ADDED ENTRY--TOPICAL TERM | |
| Topical term or geographic name as entry element | Consumidores |
| Geographic subdivision | Canadá |
| 700 1# - ADDED ENTRY--PERSONAL NAME | |
| Personal name | Scotia, Nova |
| 740 0# - | |
| -- | vLex Libros (Servicio en linea) |
| 856 40 - LOCALIZACIÓN Y ACCESO ELECTRÓNICO | |
| Identificador Uniforme del Recurso (URI/URL) | https://app.vlex.com/#/sources/bank-customer-law-canada-20643 |
| 942 ## - | |
| -- | RAA |
| 999 ## - | |
| -- | 165425 |
| -- | 165425 |
No hay ítems disponibles.